Os sotãos furados (Registo nº 2175)

Detalhes MARC
000 -Etiqueta do registo
Cabeçalho 00755nam a22002651 4500
005 - Identificador da versão
Campo de controlo 20240813121926.0
095 ## -
-- PTBN00092488
100 ## - Dados gerais de processamento
Dados gerais de processamento 19930311d1981 da y0pory5003 ba
102 ## - Pais de publicação ou produção
País de publicação Portugal
101 0# - Língua de publicação
Língua do texto, banda sonora, etc. Português
106 ## - Campo de dados codificados: material textual
Dados codificados do material textual r
105 ## - Campo de dados codificados: livros
Dados codificados dos livros a z 000fy
215 ## - Descrição física 
Indicação específica da natureza do documento e extensão da espécie 95 p.
Outras indicações físicas il.
Dimensões 21 cm
200 1# - Titulo e menção de responsabilidade
Título próprio Os sotãos furados
Primeira menção de responsabilidade Maria do Carmo de Almeida
Outras menções de responsabilidade il. Fernando Bento
225 2# - Colecção 
Título próprio da colecção Picapau
Indicação de volume 5
210 ## - Publicação, Distribuição, etc. 
Lugar da edição, distribuição, etc. Lisboa
Nome do editor, distribuidor, etc. Verbo
Data da publicação, distribuição, etc. imp. 1981
606 ## - Nome comum usado como assunto
Número de registo de entrada de autoridade 0000364
Palavra de ordem Literatura portuguesa infanto-juvenil
Subdivisão de assunto Conto
675 ## - Classificação Decimal Universal (CDU)
Notação 821.134.3-34
Edição
Língua da edição por
702 #1 - Nome de autor-pessoa física (responsabilidade secundária)
Número de registo de entrada de autoridade 0000237
Palavra de ordem Bento
Outra parte do nome não tomada para palavra de ordem Fernando
Datas 1910-
Código de função Ilustrador / Técnico de desenho computorizado
700 #1 - Nome de autor-pessoa física (responsabilidade principal)
Número de registo de entrada de autoridade 0000983
Palavra de ordem Almeida
Outra parte do nome não tomada para palavra de ordem Maria do Carmo de
942 ## - Elementos de entrada adicionados (Koha)
Tipo de item no Koha Livro
Exemplares
Situação do levantamento Origin of item (home branch) (coded) Biblioteca de empréstimo Código de barras Cota Circulation type (not for loan) Tipo de documento Nota do exemplar Damaged status
  Biblioteca Escolar da Coca Maravilhas Biblioteca Escolar da Coca Maravilhas BECM1994/93 8POR ALM   Livro Sem mensagem